Viva Voce in Physiology (Record no. 137964)

MARC details
000 -LEADER
fixed length control field 00362nam a2200145Ia 4500
008 - FIXED-LENGTH DATA ELEMENTS--GENERAL INFORMATION
fixed length control field 230314s9999 xx 000 0 und d
041 ## - LANGUAGE CODE
Language code of text/sound track or separate title eng
082 ## - DEWEY DECIMAL CLASSIFICATION NUMBER
Classification number A/612/SEM/B03178
100 ## - MAIN ENTRY--PERSONAL NAME
Personal name Sembulingam K
9 (RLIN) 177607
245 ## - TITLE STATEMENT
Title Viva Voce in Physiology
260 ## - PUBLICATION, DISTRIBUTION, ETC. (IMPRINT)
Name of publisher, distributor, etc. Jaypee Brothers
Place of publication, distribution, etc. New Delhi
Date of publication, distribution, etc. 2003
300 ## - PHYSICAL DESCRIPTION
Extent 338p
906 ## - LOCAL DATA ELEMENT F, LDF (RLIN)
b BSC
Holdings
Withdrawn status Lost status Damaged status Not for loan Collection code Home library Current library Date acquired Vendor Cost, normal purchase price Bill number Total Checkouts Full call number Barcode Date last seen Date last checked out Cost, replacement price Bill Date Koha item type Original Barcode
          Smt. Bakul Tambat Institute of Nursing Education Smt. Bakul Tambat Institute of Nursing Education 30/09/2005 B.J.Medical Co-oprative College Stores 135.00 98 2 A 612 SEM B03178 BTIN-BK-3178 28/12/2023 22/11/2023 101.00 30/09/2005 Books B03178